[Event "Berlin Lichtenberger op 9th"]
[Site "Berlin"]
[Date "2010.08.09"]
[Round "3"]
[White "Werninghaus, Klaus Peter"]
[Black "Kuhn, Christian"]
[Result "0-1"]
[WhiteElo "1636"]
[BlackElo "2009"]
[PlyCount "50"]
[EventDate "2010.08.07"]
[EventType "swiss"]
[EventRounds "9"]
[EventCountry "GER"]
[SourceTitle "CBM 137 Extra"]
[Source "ChessBase"]
[SourceDate "2010.09.01"]
[SourceVersion "1"]
[SourceVersionDate "2010.09.01"]
[SourceQuality "1"]

1. c4 Nf6 2. Nc3 c5 3. Nf3 d5 4. cxd5 Nxd5 5. e4 Nc7 6. Be2 Nc6 7. 0-0 e5 8. d3 Be7 9. b3 0-0 10. Bb2 f6 11. Qc2 Be6 12. a4 Na6 13. Rfd1 Na5 14. Nd2 Nb4 15. Qb1 Nxb3 16. Nxb3 Bxb3 17. Rd2 Be6 18. Ba3 Rc8 19. Bxb4 cxb4 20. Na2 a5 21. Bd1 Bc5 22. Nc1 Bd4 23. Raa2 Bxa2 24. Qxa2+ Kh8 25. Ne2 Bc3 0-1

[Event "Dortmund op-B"]
[Site "Dortmund"]
[Date "2009.07.07"]
[Round "4"]
[White "Werninghaus, Klaus Peter"]
[Black "Ziemek, Gerhard"]
[Result "0-1"]
[WhiteElo "2018"]
[BlackElo "1710"]
[PlyCount "40"]
[EventDate "2009.07.04"]
[EventType "swiss"]
[EventRounds "9"]
[EventCountry "GER"]
[SourceTitle "EXT 2012"]
[Source "ChessBase"]
[SourceDate "2011.11.24"]
[SourceVersion "1"]
[SourceVersionDate "2011.11.24"]
[SourceQuality "1"]

1. c4 e5 2. Nc3 Nf6 3. g3 Nc6 4. Bg2 d6 5. Nf3 Be7 6. 0-0 Be6 7. b3 0-0 8. d4 exd4 9. Nxd4 Nxd4 10. Qxd4 Qc8 11. Nd5 Nxd5 12. Qe4 Bf6 13. cxd5 Bf5 14. Qc4 Bxa1 15. Ba3 Bf6 16. e4 Bh3 17. Bxh3 Qxh3 18. Qxc7 Rad8 19. Qxb7 Be5 20. f4 Bd4+ 0-1

[Event "Dortmund Sparkassen op-B"]
[Site "Dortmund"]
[Date "2008.07.02"]
[Round "4"]
[White "Weiss, Malte"]
[Black "Werninghaus, Klaus Peter"]
[Result "1/2-1/2"]
[WhiteElo "1659"]
[BlackElo "1444"]
[PlyCount "54"]
[EventDate "2008.06.30"]
[EventType "swiss"]
[EventRounds "9"]
[EventCountry "GER"]
[SourceTitle "EXT 2022"]
[Source "ChessBase"]
[SourceDate "2021.10.06"]
[SourceVersion "1"]
[SourceVersionDate "2021.10.06"]
[SourceQuality "1"]

1. e4 c6 2. d4 d5 3. Nc3 dxe4 4. Nxe4 Bf5 5. Ng3 Bg6 6. h4 h6 7. Nf3 Nd7 8. h5 Bh7 9. Bd3 Bxd3 10. Qxd3 e6 11. Be3 Ngf6 12. 0-0-0 Bd6 13. Ne4 Nxe4 14. Qxe4 Nf6 15. Qd3 Qc7 16. Nd2 Bf4 17. Kb1 Ng4 18. Qe2 Nxe3 19. fxe3 Bg5 20. Rdf1 0-0-0 21. Qf2 f6 22. Ne4 Rhf8 23. Nxg5 hxg5 24. g4 f5 25. gxf5 exf5 26. e4 Qd6 27. exf5 Qxd4 1/2-1/2

[Event "Berlin op 08"]
[Site "Berlin"]
[Date "2006.08.25"]
[Round "7"]
[White "Kujawa, Werner"]
[Black "Werninghaus, Klaus Peter"]
[Result "1/2-1/2"]
[WhiteElo "1697"]
[BlackElo "1465"]
[PlyCount "74"]
[EventDate "2006.08.19"]
[EventType "swiss"]
[EventRounds "9"]
[EventCountry "GER"]
[SourceTitle "EXT 2007"]
[Source "ChessBase"]
[SourceDate "2006.11.23"]
[SourceVersion "1"]
[SourceVersionDate "2006.11.23"]
[SourceQuality "1"]

1. Nf3 Nf6 2. g3 d5 3. d4 c6 4. Bg2 Bg4 5. 0-0 e6 6. b3 Be7 7. Bb2 0-0 8. Nbd2 Bxf3 9. exf3 Nbd7 10. c4 Re8 11. f4 Nf8 12. Qc2 Rc8 13. f5 Qc7 14. Rac1 Qd7 15. fxe6 fxe6 16. Nf3 Bd6 17. Rce1 Qf7 18. c5 Bb8 19. Ng5 Qh5 20. Bc1 h6 21. Bf3 Ng4 22. h3 hxg5 23. Bxg4 Qf7 24. Bxg5 Nh7 25. Bc1 Re7 26. Kg2 Ree8 27. Qe2 Nf8 28. Bh5 g6 29. Bg4 Rc7 30. Bf4 Rce7 31. Bxb8 Rxb8 32. Qe5 Rbe8 33. Qg5 Nh7 34. Qh6 Nf6 35. Qf4 Nxg4 36. Qxf7+ Kxf7 37. hxg4 e5 1/2-1/2

[Event "Berlin op 08"]
[Site "Berlin"]
[Date "2006.08.22"]
[Round "4"]
[White "Werninghaus, Klaus Peter"]
[Black "Hoffmann, Peter1111"]
[Result "1-0"]
[WhiteElo "1465"]
[BlackElo "1906"]
[PlyCount "97"]
[EventDate "2006.08.19"]
[EventType "swiss"]
[EventRounds "9"]
[EventCountry "GER"]
[SourceTitle "EXT 2007"]
[Source "ChessBase"]
[SourceDate "2006.11.23"]
[SourceVersion "1"]
[SourceVersionDate "2006.11.23"]
[SourceQuality "1"]

1. c4 Nf6 2. Nc3 g6 3. g3 d5 4. cxd5 Nxd5 5. Bg2 Nb6 6. Nf3 Bg7 7. 0-0 0-0 8. d4 Nc6 9. e3 Be6 10. b3 Qc8 11. Bb2 Rd8 12. Rc1 Bg4 13. Qc2 Bf5 14. e4 Bg4 15. Ne2 Bh6 16. Rcd1 Bg7 17. Rfe1 a5 18. d5 Nb4 19. Qb1 f6 20. a3 Na6 21. Nf4 Bh6 22. Bc1 Bf8 23. h3 Bd7 24. e5 g5 25. Nh5 Bf5 26. Qb2 Nxd5 27. exf6 e6 28. Nxg5 Bg6 29. f7+ Bxf7 30. Nxf7 Kxf7 31. Rxd5 Rxd5 32. Bxd5 Nc5 33. Qf6+ Kg8 34. Qg5+ Kf7 35. Qf6+ Kg8 36. Bxe6+ Nxe6 37. Rxe6 Qd8 38. Qg5+ Qxg5 39. Bxg5 Bxa3 40. Kg2 a4 41. bxa4 Ra5 42. h4 Bf8 43. Nf4 h6 44. Be7 Rxa4 45. Bxf8 Kxf8 46. Rxh6 b5 47. Rc6 Ra7 48. Ne6+ Ke7 49. Rxc7+ 1-0

[Event "Dortmund-ch"]
[Site "Dortmund"]
[Date "2005.03.08"]
[Round "5"]
[White "Schultz, Bernfried"]
[Black "Werninghaus, Klaus Peter"]
[Result "1-0"]
[WhiteElo "1717"]
[BlackElo "1533"]
[PlyCount "47"]
[EventDate "2005.02.28"]
[EventType "swiss"]
[EventRounds "9"]
[EventCountry "GER"]
[SourceTitle "CBM 105 Extra"]
[Source "ChessBase"]
[SourceDate "2005.05.01"]
[SourceVersion "1"]
[SourceVersionDate "2005.05.01"]
[SourceQuality "1"]

1. e4 c6 2. d4 d5 3. Nc3 dxe4 4. Nxe4 Bf5 5. Ng3 Bg6 6. h4 h6 7. Nf3 Nd7 8. Bd3 Bxd3 9. Qxd3 Ngf6 10. Bd2 e6 11. 0-0 Bd6 12. Rae1 Qc7 13. Nf5 0-0-0 14. Nxd6+ Qxd6 15. b4 Rhe8 16. b5 cxb5 17. Qxb5 Qd5 18. Qa4 Nb6 19. Qxa7 Nc4 20. Bf4 Kd7 21. Qa4+ Ke7 22. Qb4+ Nd6 23. c4 Qxc4 24. Bxd6+ 1-0

[Event "Bad Woerishofen op 19th"]
[Site "Bad Woerishofen"]
[Date "2003.03.21"]
[Round "9"]
[White "Werninghaus, Klaus Peter"]
[Black "Breiter, Juergen"]
[Result "1-0"]
[WhiteElo "1504"]
[BlackElo "1308"]
[PlyCount "51"]
[EventDate "2003.03.13"]
[EventType "swiss"]
[EventRounds "9"]
[EventCountry "GER"]
[SourceTitle "CBM 093 Extra"]
[Source "ChessBase"]
[SourceDate "2003.05.09"]
[SourceVersion "1"]
[SourceVersionDate "2003.05.09"]
[SourceQuality "1"]

1. c4 e5 2. Nc3 Nf6 3. g3 c6 4. Nf3 d6 5. Bg2 Be7 6. 0-0 0-0 7. d3 h6 8. a3 Be6 9. b4 Nbd7 10. Bb2 Rb8 11. Qc2 a6 12. Nd2 d5 13. c5 Re8 14. e4 d4 15. Ne2 Nf8 16. f4 Ng4 17. Rf3 exf4 18. Nxf4 Ne3 19. Qc1 Nxg2 20. Nxe6 Nxe6 21. Kxg2 Bg5 22. Qc2 Bxd2 23. Qxd2 Ng5 24. Rf4 Qd7 25. Rh4 Kh7 26. Qxg5 1-0

[Event "Bad Woerishofen op 19th"]
[Site "Bad Woerishofen"]
[Date "2003.03.17"]
[Round "5"]
[White "Werninghaus, Klaus Peter"]
[Black "Dahmen, Juergen"]
[Result "0-1"]
[WhiteElo "1504"]
[BlackElo "1560"]
[PlyCount "80"]
[EventDate "2003.03.13"]
[EventType "swiss"]
[EventRounds "9"]
[EventCountry "GER"]
[SourceTitle "CBM 093 Extra"]
[Source "ChessBase"]
[SourceDate "2003.05.09"]
[SourceVersion "1"]
[SourceVersionDate "2003.05.09"]
[SourceQuality "1"]

1. c4 c5 2. Nc3 b6 3. Nf3 d6 4. e4 Bb7 5. g3 e6 6. Bg2 Nd7 7. 0-0 a6 8. a4 Qc7 9. d3 Ngf6 10. Re1 Be7 11. b3 0-0 12. Bb2 Rad8 13. Qc2 Nb8 14. d4 cxd4 15. Nxd4 d5 16. exd5 exd5 17. Nce2 dxc4 18. Bxb7 Qxb7 19. bxc4 Nc6 20. Nxc6 Qxc6 21. Nd4 Qb7 22. Nf5 Bc5 23. Bxf6 gxf6 24. Qb2 Qf3 25. Ne3 Bd4 26. Qa2 Bxa1 27. Qxa1 Rd2 28. Rf1 Re8 29. Nd5 Kg7 30. Nf4 Re4 31. Qc1 Red4 32. Ng2 Rd1 33. Qe3 Rxf1+ 34. Kxf1 Rd1+ 35. Ne1 Qxe3 36. fxe3 Rc1 37. c5 Rxc5 38. Nd3 Rc3 39. Ke2 Ra3 40. Kf3 Rxd3 0-1

[Event "Dortmund ABC Aufstreber 16th"]
[Site "Dortmund"]
[Date "2001.12.07"]
[Round "12"]
[White "Werninghaus, Klaus Peter"]
[Black "Fredersdorf, Theodor"]
[Result "1/2-1/2"]
[WhiteElo "1371"]
[BlackElo "1521"]
[PlyCount "86"]
[EventDate "2001.??.??"]
[EventType "tourn"]
[EventRounds "13"]
[EventCountry "GER"]
[SourceTitle "EXT 2003"]
[Source "ChessBase"]
[SourceDate "2002.11.25"]
[SourceVersion "1"]
[SourceVersionDate "2002.11.25"]
[SourceQuality "1"]

1. c4 e5 2. Nc3 d6 3. g3 Be6 4. d3 Be7 5. Bg2 c6 6. Nf3 Nf6 7. 0-0 h6 8. Qb3 Qc7 9. d4 e4 10. Nd2 d5 11. cxd5 cxd5 12. Re1 0-0 13. Nf1 Nc6 14. Bf4 Qd7 15. e3 Nb4 16. a3 Nd3 17. Red1 Bg4 18. Rd2 Bh3 19. f3 Bxg2 20. Kxg2 exf3+ 21. Kxf3 Qg4+ 22. Kg2 Nxf4+ 23. exf4 Bd6 24. Ne3 Qg6 25. Nexd5 Ne4 26. Nxe4 Qxe4+ 27. Qf3 Qe8 28. Rc1 Rc8 29. Rdc2 Rxc2+ 30. Rxc2 Qa4 31. Qd3 Rd8 32. Qc4 Qd7 33. Re2 Rc8 34. Qd3 Qc6 35. Qe4 Qa4 36. Ne7+ Bxe7 37. Qxe7 Rc2 38. d5 Rxe2+ 39. Qxe2 Qd4 40. Qe5 Qa4 41. Kf2 Qc2+ 42. Kg1 Qd1+ 43. Kg2 Qc2+ 1/2-1/2

[Event "Dortmund ABC Aufstreber 16th"]
[Site "Dortmund"]
[Date "2001.11.16"]
[Round "8"]
[White "Werninghaus, Klaus Peter"]
[Black "Krueger, Inge"]
[Result "1-0"]
[WhiteElo "1371"]
[BlackElo "1464"]
[PlyCount "55"]
[EventDate "2001.??.??"]
[EventType "tourn"]
[EventRounds "13"]
[EventCountry "GER"]
[SourceTitle "EXT 2003"]
[Source "ChessBase"]
[SourceDate "2002.11.25"]
[SourceVersion "1"]
[SourceVersionDate "2002.11.25"]
[SourceQuality "1"]

1. c4 Nf6 2. g3 e6 3. d4 d5 4. Bg2 Be7 5. Nf3 0-0 6. Qb3 b6 7. 0-0 Nc6 8. cxd5 exd5 9. Nc3 Na5 10. Qc2 Ba6 11. Re1 Rb8 12. Bf4 Bd6 13. Ne5 Bb7 14. b3 c5 15. Nb5 Ra8 16. Nxf7 Rxf7 17. Nxd6 Re7 18. dxc5 Rc7 19. Nxb7 Rxb7 20. c6 Re7 21. Bh3 Qe8 22. c7 Nd7 23. Qf5 Ne5 24. Bxe5 Rxe5 25. Qd7 Qf8 26. c8Q Rxc8 27. Qxc8 Re8 28. Qd7 1-0

[Event "Dortmund ABC Aufstreber 16th"]
[Site "Dortmund"]
[Date "2001.10.31"]
[Round "5"]
[White "Werninghaus, Klaus Peter"]
[Black "Kluge, Klaus"]
[Result "1/2-1/2"]
[WhiteElo "1371"]
[BlackElo "1368"]
[PlyCount "148"]
[EventDate "2001.??.??"]
[EventType "tourn"]
[EventRounds "13"]
[EventCountry "GER"]
[SourceTitle "EXT 2003"]
[Source "ChessBase"]
[SourceDate "2002.11.25"]
[SourceVersion "1"]
[SourceVersionDate "2002.11.25"]
[SourceQuality "1"]

1. c4 c5 2. Nc3 Nc6 3. Nf3 Nf6 4. e3 e6 5. d4 cxd4 6. exd4 d5 7. cxd5 Nxd5 8. Bb5 Qd6 9. Ne5 Bd7 10. Nxd7 Qxd7 11. Qa4 Nb6 12. Bxc6 bxc6 13. Qd1 g6 14. 0-0 Bg7 15. Be3 Nd5 16. Na4 0-0 17. Nc5 Qd6 18. Qd2 Rfb8 19. a3 Ne7 20. b4 Rb6 21. Rad1 Qd5 22. Qd3 h5 23. Qb3 Nf5 24. Qxd5 cxd5 25. Nd7 Rc6 26. Rc1 Rac8 27. Ne5 Rxc1 28. Rxc1 Rxc1+ 29. Bxc1 Nxd4 30. Nd3 Ne2+ 31. Kf1 Nxc1 32. Nxc1 Bb2 33. Nd3 Bxa3 34. b5 Bd6 35. f4 Bc7 36. Ke2 f6 37. Nb4 Bb6 38. h3 Kf7 39. g4 hxg4 40. hxg4 g5 41. Kf3 gxf4 42. Kxf4 Kg6 43. Kf3 e5 44. Nxd5 Kg5 45. Ke4 Bd8 46. Ne3 Bb6 47. Nd5 Bc5 48. Kf3 f5 49. gxf5 Kxf5 50. Nc3 Bd4 51. Ne4 Ke6 52. Ke2 Kd5 53. Kd3 Ba1 54. Nd2 Bd4 55. Ne4 Bb2 56. Nd2 Kc5 57. Kc2 Bd4 58. Kb3 Kxb5 59. Nc4 a5 60. Nd6+ Kc6 61. Nc4 Kb5 62. Nd6+ Ka6 63. Ka4 Bc3 64. Nb5 Bb4 65. Nc7+ Kb7 66. Nd5 Kc6 67. Nxb4+ axb4 68. Kxb4 Kd6 69. Kc4 Ke6 70. Kd3 Kf5 71. Ke3 e4 72. Ke2 Kf4 73. Kf2 Kf5 74. Ke2 Kf4 1/2-1/2